[Event "Is Bankasi Online Satranc Turn.13-14 Yas"]
[Site "T#645826Mustafa Kemal"]
[Date "2020.05.08"]
[Round "1"]
[White "Caputcuoglu20"]
[Black "Eniskaankelece00"]
[Result "1-0"]
[WhiteElo "2062"]
[BlackElo "1620"]
[Annotator "TA"]
[PlyCount "37"]
[EventDate "2020.05.08"]
[EventType "swiss (blitz)"]

{[%evp 9,36,55,144,62,145,143,168,98,108,103,326,306,350,233,222,230,222,197,211,137,160,111,438,428,928,878,29998,29999,29999]} 1. Nf3 c6 2. d4 d5 3. c4 Nf6 4. Nc3 Bg4 5. Ne5 Bf5 (5... Bc8 $14) 6. Qb3 {D15: Slav Defence: 4 Nc3 a6 and gambit lines after 4 Nc3 dxc4.} (6. cxd5 $16 Qb6 7. Nc4) 6... Nbd7 (6... Qb6 $14) 7. cxd5 $16 cxd5 {[#]} 8. Bf4 {[#]} ({Much less strong is} 8. Qxb7 $6 Qc8 $16) (8. e4 $1 $18 {[%cal Re4f5][%mdl 512]} Nxe5 (8... dxe4 9. Qxf7#) 9. dxe5 (9. exf5 Nc4 $16) 9... Nxe4 10. Nxe4 (10. Qxb7 Nxc3 11. bxc3 Bd7 $14) 10... dxe4 11. Bc4 (11. Qxb7 a6 $16)) 8... Nxe5 $146 ({Predecessor:} 8... Nb6 9. a4 a5 10. e3 e6 11. Bb5+ Nfd7 12. O-O Bb4 13. Nxd7 Nxd7 14. Rac1 Rc8 {1-0 (29) Kajzinger,R (1999)-Fekete,L (1793) Hungary 2014}) 9. Bxe5 b6 $2 (9... Qb6 $16 {is a better defense.}) 10. e3 e6 11. Bb5+ Nd7 12. O-O a6 13. Bc6 Rc8 14. Bb7 Rc4 15. Bxa6 Rxc3 $2 {[%mdl 8192]} (15... Rb4 $16 16. Qd1 Nxe5) 16. Qxc3 $18 ({Less strong is} 16. bxc3 Nxe5 17. dxe5 Bc5 $18) 16... Nb8 (16... Nxe5 $142 17. dxe5 f6) 17. Bb5+ Ke7 18. Qb4+ Qd6 19. Qxd6# {Accuracy: White = 50%, Black = 23%.} 1-0

[Event "Is Bankasi Online Satranc Turn.13-14 Yas"]
[Site "T#645826Mustafa Kemal"]
[Date "2020.05.08"]
[Round "1"]
[White "Yagizcinarakin00"]
[Black "Erdoganacar00"]
[Result "1-0"]
[WhiteElo "1896"]
[BlackElo "1620"]
[Annotator "NA RC"]
[PlyCount "91"]
[EventDate "2020.05.08"]
[EventType "swiss (blitz)"]

1. e4 {[%emt 0:00:05]} c5 {[%emt 0:00:01]} 2. b3 {[%emt 0:00:02]} e5 {[%emt 0:00:19]} 3. Bb2 {[%emt 0:00:03]} d6 {[%emt 0:00:00]} 4. Nc3 {[%emt 0:00:06]} g6 {[%emt 0:00:02]} 5. f4 {[%emt 0:00:02]} Bg7 {[%emt 0:00:02]} 6. Nd5 {[%emt 0:00:08]} Nc6 {[%emt 0:00:05]} 7. Nf3 {[%emt 0:00:03]} Nge7 {[%emt 0:00:12]} 8. Nxe7 {[%emt 0:00:48]} Qxe7 {[%emt 0:00:06]} 9. Bb5 {[%emt 0:00:03]} Bd7 {[%emt 0:00:13]} 10. Qe2 {[%emt 0:00:05]} a6 {[%emt 0:00:06]} 11. Bxc6 {[%emt 0:00:03]} Bxc6 {[%emt 0:00:01]} 12. O-O-O {[%emt 0:00:01]} O-O {[%emt 0:00:21]} 13. f5 {[%emt 0:00:23]} b5 {[%emt 0:00:31]} 14. g4 {[%emt 0:00:05]} a5 {[%emt 0:00:52]} 15. g5 {[%emt 0:00:06]} Qb7 {[%emt 0:00:11]} 16. f6 {[%emt 0:00:10]} Bh8 {[%emt 0:00:09]} 17. d3 {[%emt 0:00:01]} a4 {[%emt 0:00:06]} 18. h4 {[%emt 0:00:19]} axb3 {[%emt 0:00:14]} 19. axb3 {[%emt 0:00:00]} c4 {[%emt 0:00:01]} 20. Nd2 {[%emt 0:00:35]} cxb3 {[%emt 0:00:01]} 21. Nxb3 {[%emt 0:00:01]} Rfc8 {[%emt 0:00:00]} 22. Kd2 {[%emt 0:00:06]} b4 {[%emt 0:00:01]} 23. Ke1 {[%emt 0:00:04]} Ba4 {[%emt 0:00:01]} 24. h5 {[%emt 0:00:03]} Bxb3 {[%emt 0:00:01]} 25. cxb3 {[%emt 0:00:01]} Ra2 {[%emt 0:00:01]} 26. hxg6 {[%emt 0:00:03]} fxg6 {[%emt 0:00:00]} 27. Kf2 {[%emt 0:00:09]} Qc7 {[%emt 0:00:01]} 28. Rd2 {[%emt 0:00:02]} Qa7+ {[%emt 0:00:03]} 29. Kg2 {[%emt 0:00:04]} Rf8 {[%emt 0:00:04]} 30. d4 {[%emt 0:00:04]} exd4 {[%emt 0:00:02]} 31. Bxd4 {[%emt 0:00:02]} Rxd2 {[%emt 0:00:02]} 32. Qxd2 {[%emt 0:00:01]} Qd7 {[%emt 0:00:02]} 33. Qd3 {[%emt 0:00:01]} Qg4+ {[%emt 0:00:01]} 34. Kf1 {[%emt 0:00:02]} Qf4+ {[%emt 0:00:05]} 35. Bf2 {[%emt 0:00:01]} Qc1+ {[%emt 0:00:01]} 36. Kg2 {[%emt 0:00:01]} Qxg5+ {[%emt 0:00:01]} 37. Bg3 {[%emt 0:00:01]} Bxf6 {[%emt 0:00:02]} 38. Qc4+ {[%emt 0:00:01]} Kg7 {[%emt 0:00:03]} 39. Qc7+ {[%emt 0:00:01]} Rf7 {[%emt 0:00:01]} 40. Rxh7+ {[%emt 0:00:01]} Kxh7 {[%emt 0:00:02]} 41. Qxf7+ {[%emt 0:00:00]} Bg7 {[%emt 0:00:00]} 42. Qd5 {[%emt 0:00:04]} Qd2+ {[%emt 0:00:01]} 43. Qxd2 {[%emt 0:00:02]} Bf8 {[%emt 0:00:03]} 44. Bxd6 {[%emt 0:00:02]} Bxd6 {[%emt 0:00:00]} 45. Qxd6 {[%emt 0:00:01]} Kh6 {[%emt 0:00:00] Erdoganacar00 terk eder} 46. Qxb4 {[%emt 0:00:01] (Lag: Av=0.80s, max=6.8s)} 1-0

[Event "Is Bankasi Online Satranc Turn.13-14 Yas"]
[Site "T#645826Mustafa Kemal"]
[Date "2020.05.08"]
[Round "1"]
[White "Eraykilic78"]
[Black "Hasangunesanac52"]
[Result "1-0"]
[WhiteElo "1812"]
[BlackElo "1620"]
[Annotator "NA RC"]
[PlyCount "49"]
[EventDate "2020.05.08"]
[EventType "swiss (blitz)"]

1. e4 {[%emt 0:00:02]} e5 {[%emt 0:00:04]} 2. Nf3 {[%emt 0:00:01]} Nc6 {[%emt 0:00:01]} 3. Bc4 {[%emt 0:00:01]} Bc5 {[%emt 0:00:02]} 4. b4 {[%emt 0:00:01]} Bxb4 {[%emt 0:00:04]} 5. c3 {[%emt 0:00:01]} Ba5 {[%emt 0:00:01]} 6. d4 {[%emt 0:00:02]} exd4 {[%emt 0:00:00]} 7. O-O {[%emt 0:00:01]} dxc3 {[%emt 0:00:13]} 8. Qb3 {[%emt 0:00:02]} Qf6 {[%emt 0:00:02]} 9. e5 {[%emt 0:00:14]} Qg6 {[%emt 0:00:21]} 10. Nxc3 {[%emt 0:00:02]} Bxc3 {[%emt 0:00:03]} 11. Qxc3 {[%emt 0:00:02]} Nge7 {[%emt 0:00:06]} 12. Ba3 {[%emt 0:00:03]} O-O {[%emt 0:00:05]} 13. Rad1 {[%emt 0:00:05]} Re8 {[%emt 0:00:07]} 14. Rfe1 {[%emt 0:00:29]} Nf5 {[%emt 0:00:06]} 15. Bd3 {[%emt 0:00:03]} Qg4 {[%emt 0:00:12]} 16. h3 {[%emt 0:00:02]} Qh5 {[%emt 0:00:09]} 17. g4 {[%emt 0:00:02]} Qxh3 {[%emt 0:00:08]} 18. Bxf5 {[%emt 0:00:01]} g6 {[%emt 0:00:07]} 19. e6 {[%emt 0:00:36]} dxe6 {[%emt 0:00:38]} 20. Bb2 {[%emt 0:00:03]} e5 {[%emt 0:00:01]} 21. Bxc8 {[%emt 0:00:03]} Raxc8 {[%emt 0:00:01]} 22. Nxe5 {[%emt 0:00:04]} Qxc3 {[%emt 0:00:11]} 23. Bxc3 {[%emt 0:00:01]} Ne7 {[%emt 0:00:34]} 24. Nd7 {[%emt 0:00:05]} f5 {[%emt 0:00:16]} 25. Nf6+ {[%emt 0:00:02] Zaman (Lag: Av=1.06s, max=2.6s)} 1-0

[Event "Is Bankasi Online Satranc Turn.13-14 Yas"]
[Site "T#645826Mustafa Kemal"]
[Date "2020.05.08"]
[Round "1"]
[White "Yagizuckan80"]
[Black "Nurullahkilic14"]
[Result "1/2-1/2"]
[WhiteElo "1784"]
[BlackElo "1620"]
[Annotator "NA RC"]
[PlyCount "87"]
[EventDate "2020.05.08"]
[EventType "swiss (blitz)"]

1. e4 {[%emt 0:00:01]} e5 {[%emt 0:00:03]} 2. Nf3 {[%emt 0:00:02]} Nc6 {[%emt 0:00:04]} 3. Bc4 {[%emt 0:00:02]} Bc5 {[%emt 0:00:05]} 4. d3 {[%emt 0:00:01]} Nf6 {[%emt 0:00:04]} 5. Nc3 {[%emt 0:00:02]} h6 {[%emt 0:00:02]} 6. O-O {[%emt 0:00:02]} O-O {[%emt 0:00:02]} 7. Be3 {[%emt 0:00:03]} Bb6 {[%emt 0:00:02]} 8. Bxb6 {[%emt 0:00:02]} axb6 {[%emt 0:00:00]} 9. d4 {[%emt 0:00:01]} exd4 {[%emt 0:00:05]} 10. Nxd4 {[%emt 0:00:02]} Nxd4 {[%emt 0:00:02]} 11. Qxd4 {[%emt 0:00:03]} d6 {[%emt 0:00:01]} 12. Rad1 {[%emt 0:00:04]} Be6 {[%emt 0:00:05]} 13. e5 {[%emt 0:00:26]} dxe5 {[%emt 0:00:16]} 14. Qxe5 {[%emt 0:00:09]} Qe7 {[%emt 0:00:02]} 15. Rfe1 {[%emt 0:00:10]} Rfe8 {[%emt 0:00:03]} 16. Nd5 {[%emt 0:00:18]} Nxd5 {[%emt 0:00:11]} 17. Bxd5 {[%emt 0:00:02]} c6 {[%emt 0:00:10]} 18. Bb3 {[%emt 0:00:10]} b5 {[%emt 0:00:18]} 19. Rd6 {[%emt 0:00:17]} Rad8 {[%emt 0:00:16]} 20. Rxd8 {[%emt 0:00:30]} Qxd8 {[%emt 0:00:03]} 21. Qc3 {[%emt 0:00:23]} Bxb3 {[%emt 0:00:07]} 22. Rxe8+ {[%emt 0:00:04]} Qxe8 {[%emt 0:00:02]} 23. axb3 {[%emt 0:00:02]} Qd7 {[%emt 0:00:13]} 24. h3 {[%emt 0:00:03]} f6 {[%emt 0:00:07]} 25. Qe3 {[%emt 0:00:04]} Qd1+ {[%emt 0:00:06]} 26. Kh2 {[%emt 0:00:02]} Qxc2 {[%emt 0:00:03]} 27. Qc3 {[%emt 0:00:12]} Qxc3 {[%emt 0:00:05]} 28. bxc3 {[%emt 0:00:01]} Kf7 {[%emt 0:00:01]} 29. Kg3 {[%emt 0:00:01]} Ke7 {[%emt 0:00:01]} 30. Kf4 {[%emt 0:00:02]} Ke6 {[%emt 0:00:00]} 31. Ke4 {[%emt 0:00:01]} Kd6 {[%emt 0:00:02]} 32. Kd4 {[%emt 0:00:01]} b6 {[%emt 0:00:04]} 33. f4 {[%emt 0:00:04]} c5+ {[%emt 0:00:03]} 34. Ke4 {[%emt 0:00:01]} c4 {[%emt 0:00:01]} 35. b4 {[%emt 0:00:02]} Ke6 {[%emt 0:00:08]} 36. f5+ {[%emt 0:00:02]} Kd6 {[%emt 0:00:02]} 37. Kd4 {[%emt 0:00:01]} h5 {[%emt 0:00:03]} 38. g3 {[%emt 0:00:02]} Kc6 {[%emt 0:00:02]} 39. g4 {[%emt 0:00:08]} hxg4 {[%emt 0:00:02]} 40. hxg4 {[%emt 0:00:01]} Kd6 {[%emt 0:00:02]} 41. Ke4 {[%emt 0:00:02]} Kc6 {[%emt 0:00:02]} 42. Kd4 {[%emt 0:00:01]} Kd6 {[%emt 0:00:02]} 43. Ke4 {[%emt 0:00:01]} Kc6 {[%emt 0:00:02]} 44. Kd4 {[%emt 0:00:04] (Lag: Av=0.87s, max=2.1s)} 1/2-1/2

[Event "Is Bankasi Online Satranc Turn.13-14 Yas"]
[Site "T#645826Mustafa Kemal"]
[Date "2020.05.08"]
[Round "1"]
[White "Emreakdas24"]
[Black "Hakanyuceturk58"]
[Result "1-0"]
[WhiteElo "1715"]
[BlackElo "1620"]
[Annotator "NA RC"]
[PlyCount "91"]
[EventDate "2020.05.08"]
[EventType "swiss (blitz)"]

1. e4 {[%emt 0:00:02]} d6 {[%emt 0:00:03]} 2. Nf3 {[%emt 0:00:01]} g6 {[%emt 0:00:02]} 3. d4 {[%emt 0:00:01]} Bg7 {[%emt 0:00:02]} 4. c3 {[%emt 0:00:01]} a6 {[%emt 0:00:04]} 5. Be2 {[%emt 0:00:01]} b5 {[%emt 0:00:01]} 6. Be3 {[%emt 0:00:01]} Bb7 {[%emt 0:00:06]} 7. Nbd2 {[%emt 0:00:01]} Nd7 {[%emt 0:00:02]} 8. O-O {[%emt 0:00:02]} Rc8 {[%emt 0:00:05]} 9. h3 {[%emt 0:00:02]} c5 {[%emt 0:00:03]} 10. Rc1 {[%emt 0:00:07]} Ngf6 {[%emt 0:00:17]} 11. d5 {[%emt 0:00:31]} O-O {[%emt 0:00:14]} 12. Re1 {[%emt 0:00:03]} c4 {[%emt 0:00:05]} 13. Qc2 {[%emt 0:00:05]} Nc5 {[%emt 0:00:11]} 14. Rcd1 {[%emt 0:00:22]} Nfd7 {[%emt 0:00:33]} 15. Nf1 {[%emt 0:00:03]} Ne5 {[%emt 0:00:05]} 16. Nxe5 {[%emt 0:00:03]} Bxe5 {[%emt 0:00:00]} 17. f4 {[%emt 0:00:04]} Bg7 {[%emt 0:00:03]} 18. g4 {[%emt 0:00:04]} Na4 {[%emt 0:00:53]} 19. Ng3 {[%emt 0:00:08]} Qa5 {[%emt 0:00:29]} 20. Bd4 {[%emt 0:00:18]} Bxd4+ {[%emt 0:00:03]} 21. Rxd4 {[%emt 0:00:02]} Nc5 {[%emt 0:00:02]} 22. a3 {[%emt 0:00:26]} Nb3 {[%emt 0:00:03]} 23. Rdd1 {[%emt 0:00:01]} Nc5 {[%emt 0:00:06]} 24. Rf1 {[%emt 0:00:05]} Qa4 {[%emt 0:00:02]} 25. Qd2 {[%emt 0:00:09]} Nb3 {[%emt 0:00:03]} 26. Qe3 {[%emt 0:00:07]} Nc5 {[%emt 0:00:02]} 27. h4 {[%emt 0:00:07]} Qb3 {[%emt 0:00:04]} 28. Rd2 {[%emt 0:00:05]} Na4 {[%emt 0:00:03]} 29. Bd1 {[%emt 0:00:02]} Qa2 {[%emt 0:00:03]} 30. b3 {[%emt 0:00:16]} Qxa3 {[%emt 0:00:06]} 31. bxa4 {[%emt 0:00:01]} Qxa4 {[%emt 0:00:01]} 32. Bxa4 {[%emt 0:00:02]} bxa4 {[%emt 0:00:01]} 33. Ra2 {[%emt 0:00:01] '} Ba8 {[%emt 0:00:05]} 34. h5 {[%emt 0:00:02]} Rb8 {[%emt 0:00:01]} 35. h6 {[%emt 0:00:03]} f6 {[%emt 0:00:01]} 36. f5 {[%emt 0:00:01]} g5 {[%emt 0:00:01]} 37. Qa7 {[%emt 0:00:05]} Rb3 {[%emt 0:00:02]} 38. Qxe7 {[%emt 0:00:02]} Rf7 {[%emt 0:00:02]} 39. Qxd6 {[%emt 0:00:04]} Rxc3 {[%emt 0:00:02]} 40. Qe6 {[%emt 0:00:01]} Rxg3+ {[%emt 0:00:04]} 41. Kh2 {[%emt 0:00:01]} Rxg4 {[%emt 0:00:01]} 42. d6 {[%emt 0:00:01]} Rh4+ {[%emt 0:00:01]} 43. Kg3 {[%emt 0:00:01]} Rxe4 {[%emt 0:00:02]} 44. Qc8+ {[%emt 0:00:01]} Rf8 {[%emt 0:00:02]} 45. Qc7 {[%emt 0:00:02]} Rf4 {[%emt 0:00:03]} 46. Qg7# {[%emt 0:00:03] (Lag: Av=0.78s, max=5.2s)} 1-0

[Event "Is Bankasi Online Satranc Turn.13-14 Yas"]
[Site "T#645826Mustafa Kemal"]
[Date "2020.05.08"]
[Round "1"]
[White "Caganbektas16"]
[Black "Hasanatis76"]
[Result "0-1"]
[WhiteElo "1658"]
[BlackElo "1620"]
[Annotator "NA RC"]
[PlyCount "73"]
[EventDate "2020.05.08"]
[EventType "swiss (blitz)"]

1. d4 {[%emt 0:00:10]} d5 {[%emt 0:00:01]} 2. Bf4 {[%emt 0:00:01]} c6 {[%emt 0:00:01]} 3. e3 {[%emt 0:00:03]} Nf6 {[%emt 0:00:02]} 4. Nf3 {[%emt 0:00:03]} Bf5 {[%emt 0:00:02]} 5. c4 {[%emt 0:00:02]} e6 {[%emt 0:00:02]} 6. Qb3 {[%emt 0:00:01]} Qa5+ {[%emt 0:00:21]} 7. Nbd2 {[%emt 0:00:25]} Qb4 {[%emt 0:00:02]} 8. c5 {[%emt 0:00:07]} Qxb3 {[%emt 0:00:07]} 9. axb3 {[%emt 0:00:00]} Nbd7 {[%emt 0:00:12]} 10. b4 {[%emt 0:00:30]} Be7 {[%emt 0:00:04]} 11. Be2 {[%emt 0:00:04]} O-O {[%emt 0:00:02]} 12. h3 {[%emt 0:00:03]} Ne4 {[%emt 0:00:02]} 13. O-O {[%emt 0:00:07]} b6 {[%emt 0:00:17]} 14. b5 {[%emt 0:00:17]} bxc5 {[%emt 0:00:34]} 15. bxc6 {[%emt 0:00:09]} Nb6 {[%emt 0:00:01]} 16. Rfc1 {[%emt 0:00:22]} c4 {[%emt 0:00:17]} 17. b3 {[%emt 0:00:06]} Nxd2 {[%emt 0:00:59]} 18. Nxd2 {[%emt 0:00:00]} Bb4 {[%emt 0:00:01]} 19. Nf3 {[%emt 0:00:03]} cxb3 {[%emt 0:00:01]} 20. Rab1 {[%emt 0:00:19]} Bxb1 {[%emt 0:00:02]} 21. Rxb1 {[%emt 0:00:00]} a5 {[%emt 0:00:04]} 22. Rxb3 {[%emt 0:00:03]} Rac8 {[%emt 0:00:02]} 23. c7 {[%emt 0:00:02]} Nc4 {[%emt 0:00:06]} 24. Rb1 {[%emt 0:00:12]} Bd6 {[%emt 0:00:19] Caganbektas16 beraberlik teklif ediyor} 25. Bxd6 {[%emt 0:00:05]} Nxd6 {[%emt 0:00:00]} 26. Rc1 {[%emt 0:00:00]} Rfe8 {[%emt 0:00:04]} 27. Ba6 {[%emt 0:00:01]} Ra8 {[%emt 0:00:03]} 28. Bd3 {[%emt 0:00:08]} f6 {[%emt 0:00:01]} 29. Nd2 {[%emt 0:00:05]} a4 {[%emt 0:00:02]} 30. Nb1 {[%emt 0:00:04]} Rec8 {[%emt 0:00:03]} 31. Nc3 {[%emt 0:00:00]} Rxc7 {[%emt 0:00:02]} 32. Ne2 {[%emt 0:00:18]} Rxc1+ {[%emt 0:00:02]} 33. Nxc1 {[%emt 0:00:00]} a3 {[%emt 0:00:01]} 34. Na2 {[%emt 0:00:01]} Nc4 {[%emt 0:00:01]} 35. Kf1 {[%emt 0:00:08]} Rb8 {[%emt 0:00:01]} 36. Ke2 {[%emt 0:00:07]} Rb2+ {[%emt 0:00:02]} 37. Kf3 {[%emt 0:00:00] Caganbektas16 terk eder (Lag: Av=1.00s, max=6.9s)} 0-1

[Event "Is Bankasi Online Satranc Turn.13-14 Yas"]
[Site "T#645826Mustafa Kemal"]
[Date "2020.05.08"]
[Round "1"]
[White "Yusufgunal46"]
[Black "Yigitkizilcaog54"]
[Result "1-0"]
[WhiteElo "1633"]
[BlackElo "1620"]
[Annotator "NA RC"]
[PlyCount "181"]
[EventDate "2020.05.08"]
[EventType "swiss (blitz)"]

1. d4 {[%emt 0:00:02]} d5 {[%emt 0:00:02]} 2. Bf4 {[%emt 0:00:02]} Nf6 {[%emt 0:00:01]} 3. e3 {[%emt 0:00:02]} Nc6 {[%emt 0:00:02]} 4. Nf3 {[%emt 0:00:02]} Bf5 {[%emt 0:00:02]} 5. c4 {[%emt 0:00:02]} e6 {[%emt 0:00:02]} 6. Nc3 {[%emt 0:00:02]} Bb4 {[%emt 0:00:06]} 7. Qb3 {[%emt 0:00:02]} Rb8 {[%emt 0:00:05]} 8. a3 {[%emt 0:00:08]} Bxc3+ {[%emt 0:00:02]} 9. bxc3 {[%emt 0:00:00]} O-O {[%emt 0:00:01]} 10. Ne5 {[%emt 0:00:06]} Nxe5 {[%emt 0:00:03]} 11. Bxe5 {[%emt 0:00:00]} Ng4 {[%emt 0:00:04]} 12. Bg3 {[%emt 0:00:04]} h6 {[%emt 0:00:04]} 13. Be2 {[%emt 0:00:02]} b6 {[%emt 0:00:06]} 14. Bf3 {[%emt 0:00:30]} Re8 {[%emt 0:00:25]} 15. O-O {[%emt 0:00:06]} Rb7 {[%emt 0:00:24]} 16. cxd5 {[%emt 0:00:03]} exd5 {[%emt 0:00:03]} 17. Bxd5 {[%emt 0:00:02]} Rb8 {[%emt 0:00:11]} 18. Bxf7+ {[%emt 0:00:02]} Kf8 {[%emt 0:00:07]} 19. Bxe8 {[%emt 0:00:06]} Qxe8 {[%emt 0:00:00]} 20. Qb4+ {[%emt 0:00:02]} Kg8 {[%emt 0:00:03]} 21. Bxc7 {[%emt 0:00:04]} Rc8 {[%emt 0:00:05]} 22. Bg3 {[%emt 0:00:08]} Qe4 {[%emt 0:00:09]} 23. Qb3+ {[%emt 0:00:11]} Kh7 {[%emt 0:00:05]} 24. h3 {[%emt 0:00:09]} Nf6 {[%emt 0:00:06]} 25. Be5 {[%emt 0:00:09]} Re8 {[%emt 0:00:08]} 26. Bxf6 {[%emt 0:00:02]} gxf6 {[%emt 0:00:02]} 27. Qf7+ {[%emt 0:00:02]} Kh8 {[%emt 0:00:06]} 28. Qxf6+ {[%emt 0:00:01]} Kg8 {[%emt 0:00:06]} 29. Rab1 {[%emt 0:00:11]} Rf8 {[%emt 0:00:13]} 30. Qxh6 {[%emt 0:00:02]} Qe7 {[%emt 0:00:08]} 31. Qg5+ {[%emt 0:00:02]} Qxg5 {[%emt 0:00:04]} 32. Rb5 {[%emt 0:00:08]} Kh8 {[%emt 0:00:08]} 33. e4 {[%emt 0:00:06]} a6 {[%emt 0:00:12]} 34. Re5 {[%emt 0:00:05]} Qg6 {[%emt 0:00:09]} 35. exf5 {[%emt 0:00:03]} Rxf5 {[%emt 0:00:03]} 36. Re3 {[%emt 0:00:01]} Rg5 {[%emt 0:00:04]} 37. g3 {[%emt 0:00:06]} Qc6 {[%emt 0:00:07]} 38. Rfe1 {[%emt 0:00:07]} Rg8 {[%emt 0:00:05] Yigitkizilcaog54 beraberlik teklif ediyor} 39. Re6 {[%emt 0:00:02]} Qd7 {[%emt 0:00:03]} 40. Kh2 {[%emt 0:00:07]} Rf8 {[%emt 0:00:08]} 41. Kg2 {[%emt 0:00:04]} Qd5+ {[%emt 0:00:02]} 42. Kg1 {[%emt 0:00:01]} Qd7 {[%emt 0:00:02]} 43. Rxb6 {[%emt 0:00:10]} Qa7 {[%emt 0:00:04]} 44. Rbe6 {[%emt 0:00:04]} Qd7 {[%emt 0:00:01]} 45. Re7 {[%emt 0:00:02]} Qd8 {[%emt 0:00:02]} 46. R7e6 {[%emt 0:00:03]} Qd7 {[%emt 0:00:03]} 47. R6e4 {[%emt 0:00:02]} Qb7 {[%emt 0:00:02]} 48. Rg4 {[%emt 0:00:12]} Rg8 {[%emt 0:00:03]} 49. Rf4 {[%emt 0:00:12]} Qc7 {[%emt 0:00:04]} 50. Re3 {[%emt 0:00:08]} Rg7 {[%emt 0:00:05]} 51. Re8+ {[%emt 0:00:05]} Rg8 {[%emt 0:00:01]} 52. Re5 {[%emt 0:00:04]} Rg7 {[%emt 0:00:01]} 53. Re3 {[%emt 0:00:05]} Rg8 {[%emt 0:00:01]} 54. Kh2 {[%emt 0:00:14]} Rg7 {[%emt 0:00:03]} 55. Rf6 {[%emt 0:00:10]} Rf7 {[%emt 0:00:02]} 56. Rh6+ {[%emt 0:00:04]} Rh7 {[%emt 0:00:01]} 57. Rf6 {[%emt 0:00:02]} Rf7 {[%emt 0:00:02]} 58. Rh6+ {[%emt 0:00:01]} Rh7 {[%emt 0:00:02]} 59. Re8+ {[%emt 0:00:02]} Kg7 {[%emt 0:00:02]} 60. Rxh7+ {[%emt 0:00:01]} Kxh7 {[%emt 0:00:01]} 61. Re3 {[%emt 0:00:00]} Qg7 {[%emt 0:00:01]} 62. Kg2 {[%emt 0:00:01]} Qh6 {[%emt 0:00:01]} 63. f4 {[%emt 0:00:01]} Qc6+ {[%emt 0:00:03]} 64. Kf2 {[%emt 0:00:02]} Qb5 {[%emt 0:00:02]} 65. g4 {[%emt 0:00:02]} Qb2+ {[%emt 0:00:01]} 66. Kf3 {[%emt 0:00:02]} Qxa3 {[%emt 0:00:02]} 67. f5 {[%emt 0:00:04]} Qd6 {[%emt 0:00:03]} 68. Re5 {[%emt 0:00:03]} Qc6+ {[%emt 0:00:03] Yigitkizilcaog54 beraberlik teklif ediyor} 69. Kf4 {[%emt 0:00:03]} Qh6+ {[%emt 0:00:02]} 70. Kg3 {[%emt 0:00:06]} Qb6 {[%emt 0:00:03]} 71. h4 {[%emt 0:00:02]} Qb3 {[%emt 0:00:02]} 72. Re3 {[%emt 0:00:02]} Qb8+ {[%emt 0:00:03]} 73. Kf3 {[%emt 0:00:02]} Qb7+ {[%emt 0:00:01]} 74. Kf4 {[%emt 0:00:01]} Qb8+ {[%emt 0:00:01]} 75. Re5 {[%emt 0:00:03]} Qb3 {[%emt 0:00:02]} 76. g5 {[%emt 0:00:03]} Qxc3 {[%emt 0:00:01]} 77. Re7+ {[%emt 0:00:01]} Kg8 {[%emt 0:00:04]} 78. Ke5 {[%emt 0:00:01]} Qa5+ {[%emt 0:00:03]} 79. Kf6 {[%emt 0:00:01]} Qb6+ {[%emt 0:00:01]} 80. Re6 {[%emt 0:00:01]} Qd8+ {[%emt 0:00:03]} 81. Kg6 {[%emt 0:00:01]} Qf8 {[%emt 0:00:03]} 82. f6 {[%emt 0:00:05]} Qf7+ {[%emt 0:00:02]} 83. Kf5 {[%emt 0:00:01]} Qg7 {[%emt 0:00:01]} 84. fxg7 {[%emt 0:00:02]} Kxg7 {[%emt 0:00:01]} 85. h5 {[%emt 0:00:01]} Kf8 {[%emt 0:00:03]} 86. Rxa6 {[%emt 0:00:01]} Ke7 {[%emt 0:00:01]} 87. Ke5 {[%emt 0:00:02]} Ke8 {[%emt 0:00:01]} 88. h6 {[%emt 0:00:01]} Ke7 {[%emt 0:00:01]} 89. Ra7+ {[%emt 0:00:02]} Ke8 {[%emt 0:00:01]} 90. Kf6 {[%emt 0:00:01]} Kf8 {[%emt 0:00:01]} 91. Ra8# {[%emt 0:00:01] (Lag: Av=0.82s, max=4.7s)} 1-0

[Event "Is Bankasi Online Satranc Turn.13-14 Yas"]
[Site "T#645826Mustafa Kemal"]
[Date "2020.05.08"]
[Round "1"]
[White "Abdulkadircere34"]
[Black "Keremyavuz52"]
[Result "0-1"]
[WhiteElo "1620"]
[BlackElo "1620"]
[Annotator "NA RC"]
[PlyCount "106"]
[EventDate "2020.05.08"]
[EventType "swiss (blitz)"]

1. e4 {[%emt 0:00:07]} c5 {[%emt 0:00:02]} 2. f3 {[%emt 0:00:02]} Nc6 {[%emt 0:00:01]} 3. d3 {[%emt 0:00:02]} e6 {[%emt 0:00:01]} 4. b3 {[%emt 0:00:04]} d5 {[%emt 0:00:01]} 5. exd5 {[%emt 0:00:02]} exd5 {[%emt 0:00:00]} 6. Qe2+ {[%emt 0:00:02]} Be7 {[%emt 0:00:04]} 7. Bg5 {[%emt 0:00:04]} f6 {[%emt 0:00:03]} 8. Bd2 {[%emt 0:00:05]} Bd7 {[%emt 0:00:07]} 9. g4 {[%emt 0:00:05]} Qc7 {[%emt 0:00:04]} 10. Bh3 {[%emt 0:00:05]} O-O-O {[%emt 0:00:02]} 11. g5 {[%emt 0:00:04]} Bxh3 {[%emt 0:00:02]} 12. Nxh3 {[%emt 0:00:02]} fxg5 {[%emt 0:00:01]} 13. O-O {[%emt 0:00:17]} h6 {[%emt 0:00:10]} 14. f4 {[%emt 0:00:09]} gxf4 {[%emt 0:00:05]} 15. Bxf4 {[%emt 0:00:01]} Bd6 {[%emt 0:00:03]} 16. Bxd6 {[%emt 0:00:04]} Qxd6 {[%emt 0:00:01]} 17. Qg4+ {[%emt 0:00:04]} Qd7 {[%emt 0:00:05]} 18. Qxd7+ {[%emt 0:00:02]} Rxd7 {[%emt 0:00:01]} 19. Rf8+ {[%emt 0:00:04]} Rd8 {[%emt 0:00:01]} 20. Rxd8+ {[%emt 0:00:01]} Kxd8 {[%emt 0:00:02]} 21. Nf4 {[%emt 0:00:03]} Nf6 {[%emt 0:00:03]} 22. Ne6+ {[%emt 0:00:03]} Ke7 {[%emt 0:00:07]} 23. Nxc5 {[%emt 0:00:03]} b6 {[%emt 0:00:07]} 24. Nb7 {[%emt 0:00:10]} Kd7 {[%emt 0:00:02]} 25. Nc5+ {[%emt 0:00:22]} bxc5 {[%emt 0:00:03]} 26. Nc3 {[%emt 0:00:04]} Re8 {[%emt 0:00:04]} 27. Rd1 {[%emt 0:00:04]} Nd4 {[%emt 0:00:03]} 28. h3 {[%emt 0:00:18]} Ne2+ {[%emt 0:00:03]} 29. Nxe2 {[%emt 0:00:08]} Rxe2 {[%emt 0:00:02]} 30. Kf1 {[%emt 0:00:02]} Rxc2 {[%emt 0:00:01]} 31. Re1 {[%emt 0:00:07]} Rxa2 {[%emt 0:00:02]} 32. Rb1 {[%emt 0:00:04]} Rd2 {[%emt 0:00:04]} 33. Ke1 {[%emt 0:00:07]} Rxd3 {[%emt 0:00:01]} 34. Ra1 {[%emt 0:00:02]} Rxh3 {[%emt 0:00:08]} 35. Rxa7+ {[%emt 0:00:04]} Kc6 {[%emt 0:00:01]} 36. Rxg7 {[%emt 0:00:04]} Rxb3 {[%emt 0:00:02]} 37. Rf7 {[%emt 0:00:04]} Ne4 {[%emt 0:00:02]} 38. Rf8 {[%emt 0:00:05]} d4 {[%emt 0:00:01]} 39. Rc8+ {[%emt 0:00:03]} Kb5 {[%emt 0:00:01]} 40. Rb8+ {[%emt 0:00:02]} Kc4 {[%emt 0:00:01]} 41. Rxb3 {[%emt 0:00:05]} Kxb3 {[%emt 0:00:00]} 42. Ke2 {[%emt 0:00:04]} c4 {[%emt 0:00:01]} 43. Kf3 {[%emt 0:00:05]} c3 {[%emt 0:00:03]} 44. Kxe4 {[%emt 0:00:02]} c2 {[%emt 0:00:01]} 45. Kxd4 {[%emt 0:00:01]} c1=Q {[%emt 0:00:01]} 46. Ke5 {[%emt 0:00:01]} h5 {[%emt 0:00:01]} 47. Kf5 {[%emt 0:00:01]} h4 {[%emt 0:00:01]} 48. Kg4 {[%emt 0:00:02]} Qg1+ {[%emt 0:00:02]} 49. Kxh4 {[%emt 0:00:02]} Kc4 {[%emt 0:00:01]} 50. Kh5 {[%emt 0:00:02]} Kd5 {[%emt 0:00:01]} 51. Kh4 {[%emt 0:00:01]} Ke4 {[%emt 0:00:01]} 52. Kh5 {[%emt 0:00:01]} Kf5 {[%emt 0:00:01]} 53. Kh6 {[%emt 0:00:03]} Qg6# {[%emt 0:00:01] (Lag: Av=0.42s, max=0.6s)} 0-1